[Event "Nordic School-chT U14"]
[Site "Oslo"]
[Date "2016.09.09"]
[Round "1.21"]
[White "Papuc, David"]
[Black "Carlsson, Ludvig"]
[Result "0-1"]
[WhiteElo "1371"]
[BlackElo "2021"]
[PlyCount "64"]
[EventDate "2016.09.09"]
[EventType "team-swiss"]
[EventRounds "5"]
[EventCountry "NOR"]
[SourceTitle "CBM 174 Extra"]
[Source "ChessBase"]
[SourceDate "2016.10.10"]
[SourceVersion "1"]
[SourceVersionDate "2016.10.10"]
[SourceQuality "1"]
[WhiteTeam "Espoo Int School"]
[BlackTeam "Vasteras Jensen School"]
[WhiteTeamCountry "FIN"]
[BlackTeamCountry "SWE"]

1. d4 Nf6 2. Bg5 e6 3. Nd2 h6 4. Bh4 c5 5. e3 Nc6 6. Ngf3 b6 7. c3 Bb7 8. Bd3 Be7 9. 0-0 0-0 10. Rc1 d5 11. Bb1 Nd7 12. Qc2 f5 13. Bg3 Qe8 14. a3 Rc8 15. Rfe1 Qh5 16. Qd3 g5 17. Ne5 Ndxe5 18. dxe5 c4 19. Qc2 Rf7 20. f4 Rg7 21. Qd1 Qg6 22. Qe2 Kh8 23. Nf3 Rcg8 24. Rf1 h5 25. fxg5 Bxg5 26. Rf2 Be7 27. h4 Qxg3 28. Ng5 Bxg5 29. hxg5 Rxg5 30. Rcf1 Nxe5 31. Bc2 Ng4 32. Rf3 Qh2# 0-1